| 000 | 00687nam a22001817a 4500 | ||
|---|---|---|---|
| 005 | 20251108172438.0 | ||
| 008 | 250721s2000 xx 000 0 ara d | ||
| 082 | 1 | 4 | _a342.0268/سري |
| 100 | 1 | _aسرير، جمعة سعيد | |
| 245 | 1 | 0 | _aقضية لوكربي : الجوانب القانونية لأزمة العلاقات الليبية -الغربية حادث تحطم الطائرتين الأمريكية و الفرنسية ... / |
| 264 | 1 |
_aالقاهرة : _bدار النهضة العربية، _c2000. |
|
| 300 | _a226ص. | ||
| 650 | 1 | 7 | _aالقانون الدولي |
| 650 | 1 | 7 | _aليبيا |
| 650 | 1 | 7 | _aقضية لوكربي |
| 942 |
_2ddc _cBK |
||
| 999 |
_c79512 _d79512 |
||